000 00589nam a22001577a 4500
003 OSt
005 20151206135217.0
008 151206b xxu||||| |||| 00| 0 eng d
040 _cRUA
082 _aATM គឹម 1990 B188 Or.1
100 _94399
_aគឹម ពុទ្ធារិទ្ធ
245 _aគំរោងម៉ាស៊ីនពូនរងជ្រុំជើងពោតនិងបច្ចេកវិទ្យានៃការប្រើប្រាស់របស់វា
260 _aPhnom Penh
_bRUA
_c1990
300 _a139p.
_bill.
_c29cm.
942 _2ddc
_cATM
999 _c4101
_d4101